[Event "Romanian Rapid Open 2022"]
[Site "Sebes"]
[Date "2022.12.02"]
[Round "8.1"]
[White "Stoleriu, George"]
[Black "Gavrilescu, David"]
[Result "1/2-1/2"]
[WhiteElo "2389"]
[BlackElo "2523"]
[Annotator "TA"]
[PlyCount "26"]
[EventDate "2022.12.02"]
[EventType "rapid"]
[EventCountry "ROU"]
[SourceTitle "playchess.com"]
[Source "ChessBase"]
[SourceQuality "1"]
[TimeControl "600+5"]

{[%evp 10,26,25,20,27,7,0,5,8,-42,-39,-52,-26,-26,22,10,22,29,27]} 1. e4 {[%emt 0:00:01]} e6 {[%emt 0:00:18]} 2. d4 {[%emt 0:00:05]} d5 {[%emt 0:00:02]} 3. exd5 {[%emt 0:00:03]} exd5 {[%emt 0:00:02]} 4. Nf3 {[%emt 0:00:01]} Nf6 {[%emt 0:00:02]} 5. Bd3 {[%emt 0:00:01]} c5 {[%emt 0:00:01]} 6. c3 {[%emt 0:00:16]} c4 {[%emt 0:00:04] B22: Sicilian: 2 c3.} 7. Be2 {[%emt 0:00:17]} Bd6 {[%emt 0:00:04]} 8. O-O {[%emt 0:00:02]} O-O {[%emt 0:00:02] The position is equal.} 9. Nbd2 {[%emt 0:00:07]} ({White should play} 9. b3 $11) 9... Nc6 $15 {[%emt 0:00:02]} 10. Re1 {[%emt 0:00:02] [#]} h6 $146 {[%emt 0:00:19]} ({Predecessor:} 10... Bf5 11. Nf1 h6 12. Ng3 Bh7 13. h3 Bxg3 14. fxg3 Ne4 15. g4 Qd6 16. Be3 Qg3 {0-1 (39) Orlandi Neto,A (1731)-Dianda,J (2117) Florianopolis 2022}) 11. b3 {[%emt 0:00:15]} cxb3 {[%emt 0:00:02]} (11... b5 $1 {feels stronger.}) 12. axb3 $11 {[%emt 0:00:02]} Bf5 {[%emt 0:00:01]} 13. Ba3 {[%emt 0:01:38]} Re8 {[%emt 0:00:12] Weighted Error Value: White=0.10 (very precise) /Black=0.13 (very precise)} 1/2-1/2

[Event "Romanian Rapid Open 2022"]
[Site "Sebes"]
[Date "2022.12.02"]
[Round "8.2"]
[White "Miron, Lucian-Costin"]
[Black "Dragomirescu, Robin-Alexandru"]
[Result "1/2-1/2"]
[WhiteElo "2510"]
[BlackElo "2337"]
[Annotator "TA"]
[PlyCount "38"]
[EventDate "2022.12.02"]
[EventType "rapid"]
[EventCountry "ROU"]
[SourceTitle "playchess.com"]
[Source "ChessBase"]
[SourceQuality "1"]

1. Nf3 Nf6 2. g3 g6 3. Bg2 Bg7 4. O-O O-O 5. d4 d6 6. Re1 Nbd7 7. e4 e5 8. Nc3 c6 9. a4 a5 10. h3 Re8 11. Be3 exd4 12. Bxd4 Qc7 13. Nd2 b6 14. Nc4 Ba6 15. Bxf6 Bxf6 16. Qxd6 Qxd6 17. Nxd6 Re6 18. e5 Nxe5 19. Rad1 Rd8 1/2-1/2

[Event "Romanian Rapid Open 2022"]
[Site "Sebes"]
[Date "2022.12.02"]
[Round "8.3"]
[White "Ileana, George"]
[Black "Ardelean, George-Catalin"]
[Result "0-1"]
[WhiteElo "2343"]
[BlackElo "2473"]
[Annotator "TA"]
[PlyCount "118"]
[EventDate "2022.12.02"]
[EventType "rapid"]
[EventCountry "ROU"]
[SourceTitle "playchess.com"]
[Source "ChessBase"]
[SourceQuality "1"]

1. e4 c5 2. Nf3 d6 3. d4 cxd4 4. Nxd4 Nf6 5. Nc3 Nc6 6. Be2 e5 7. Nb3 Be7 8. O-O O-O 9. Be3 a5 10. a4 Nb4 11. f3 Be6 12. Bf2 Rc8 13. Rc1 d5 14. exd5 Nfxd5 15. Nxd5 Nxd5 16. Bb5 Qc7 17. Qe1 Nb4 18. Nd2 Rfd8 19. Ne4 Na2 20. Rb1 f5 21. Ng3 Nb4 22. Rc1 Bg5 23. Rd1 Rxd1 24. Qxd1 Nxc2 25. Qb1 g6 26. Ne2 Be3 27. Bxe3 Nxe3 28. Rc1 Qb6 29. Rxc8+ Bxc8 30. Kh1 Qc5 31. Qd3 b6 32. h3 Be6 33. Nc3 Nd5 34. Bc4 Nf4 35. Qd8+ Kf7 36. Qd7+ Qe7 37. Bxe6+ Nxe6 38. Qc6 Qc7 39. Qa8 Kg7 40. Nd5 Qc1+ 41. Kh2 Qxb2 42. Qe8 Nf4 43. Qe7+ Kh6 44. Qf8+ Kg5 45. Qe7+ Kh6 46. Qf8+ Kg5 47. h4+ Kxh4 48. Qh6+ Nh5 49. Nf6 Qf2 50. Nxh7 Qg3+ 51. Kh1 Qe1+ 52. Kh2 Qg3+ 53. Kh1 e4 54. fxe4 fxe4 55. Nf6 Qe1+ 56. Kh2 Qg3+ 57. Kh1 Qf4 58. Qh8 Qxf6 59. Qh6 Qf4 0-1

[Event "Romanian Rapid Open 2022"]
[Site "Sebes"]
[Date "2022.12.02"]
[Round "8.4"]
[White "Jianu, Vlad-Cristian"]
[Black "Secheres, Adrian-Simion"]
[Result "0-1"]
[WhiteElo "2516"]
[BlackElo "2365"]
[Annotator "TA"]
[PlyCount "82"]
[EventDate "2022.12.02"]
[EventType "rapid"]
[EventCountry "ROU"]
[SourceTitle "playchess.com"]
[Source "ChessBase"]
[SourceQuality "1"]

1. g3 Nf6 2. Bg2 g6 3. d4 Bg7 4. e4 d6 5. Nc3 O-O 6. Nge2 Nbd7 7. O-O e5 8. h3 Re8 9. Re1 c6 10. b3 Qc7 11. a4 a6 12. Ba3 Bf8 13. Bb2 b6 14. g4 Bb7 15. Ng3 h6 16. Qd2 Bg7 17. Rad1 Rad8 18. dxe5 dxe5 19. Ba3 Nc5 20. Qe3 Ne6 21. Nge2 Rxd1 22. Rxd1 Rd8 23. f3 Nd4 24. Rd2 Nd7 25. Nd1 Nf8 26. Nf2 Nfe6 27. Bb2 b5 28. axb5 axb5 29. b4 Nxe2+ 30. Qxe2 Nf4 31. Qd1 Rxd2 32. Qxd2 c5 33. Bf1 c4 34. Bc3 Bf6 35. Qe3 Ne6 36. Qa7 Nd4 37. Bxd4 exd4 38. e5 Bxe5 39. Ne4 d3 40. cxd3 c3 41. Nc5 Bd4+ 0-1

[Event "Romanian Rapid Open 2022"]
[Site "Sebes"]
[Date "2022.12.02"]
[Round "8.5"]
[White "Manea, Alexandru"]
[Black "Soltanici, Ruslan"]
[Result "1-0"]
[WhiteElo "2339"]
[BlackElo "2357"]
[Annotator "TA"]
[PlyCount "163"]
[EventDate "2022.12.02"]
[EventType "rapid"]
[EventCountry "ROU"]
[SourceTitle "playchess.com"]
[Source "ChessBase"]
[SourceQuality "1"]

1. d4 Nf6 2. Nf3 e6 3. g3 b6 4. Bg2 Bb7 5. O-O c5 6. c4 cxd4 7. Qxd4 d6 8. Nc3 a6 9. b3 Nbd7 10. Bb2 Be7 11. Ng5 Bxg2 12. Kxg2 Qc7 13. Nge4 O-O 14. Rfd1 Rfd8 15. Kg1 Ne8 16. Rac1 Rac8 17. h4 Qb7 18. Ng5 h6 19. Qe4 Qxe4 20. Ngxe4 Rb8 21. Ba3 Nc5 22. Nxc5 bxc5 23. Na4 f5 24. Bb2 Kf7 25. Bc3 Nf6 26. Kg2 g5 27. hxg5 hxg5 28. Rh1 Rh8 29. Ba5 g4 30. Rcd1 Rxh1 31. Kxh1 Rc8 32. Kg2 Ne4 33. Nc3 Nf6 34. Na4 Ne4 35. Rh1 Bf6 36. Rd1 Be7 37. Nc3 Nf6 38. Na4 Ne4 39. Nc3 Nf6 40. Re1 d5 41. Rd1 d4 42. Na4 e5 43. Nb6 Rc6 44. Na4 Rc8 45. Nb6 Rc6 46. Na4 e4 47. Rh1 Kg7 48. Bd2 Re6 49. Bf4 Rc6 50. Bc1 Rc8 51. Ba3 Nd7 52. Bc1 Rh8 53. Rd1 Bf6 54. Ba3 Be7 55. Bc1 Rc8 56. Rh1 Rc6 57. Bf4 Bf6 58. Bh6+ Kg6 59. Bf4 Bg7 60. Bc1 Nb6 61. Nb2 Rd6 62. Rd1 Rd7 63. Kf1 Kf7 64. Bd2 Ke6 65. Ba5 Nc8 66. Na4 Bf8 67. Kg2 Rh7 68. Bd8 Bd6 69. Bg5 Na7 70. Bd8 Nc8 71. Ba5 Rh6 72. b4 cxb4 73. Rxd4 Be5 74. Rd8 Nd6 75. Nc5+ Kf7 76. Bxb4 Nxc4 77. Rd7+ Ke8 78. Ra7 f4 79. gxf4 Bxf4 80. Nxe4 Re6 81. Ra8+ Kf7 82. Rf8+ 1-0

[Event "Romanian Rapid Open 2022"]
[Site "Sebes"]
[Date "2022.12.02"]
[Round "8.6"]
[White "Costachi, Mihnea"]
[Black "Stefan, Romulus-Cristian"]
[Result "1-0"]
[WhiteElo "2476"]
[BlackElo "2097"]
[Annotator "TA"]
[PlyCount "67"]
[EventDate "2022.12.02"]
[EventType "rapid"]
[EventCountry "ROU"]
[SourceTitle "playchess.com"]
[Source "ChessBase"]
[SourceQuality "1"]

1. d4 d6 2. Nf3 g6 3. g3 Bg7 4. Bg2 Nf6 5. O-O O-O 6. b3 c5 7. Bb2 cxd4 8. Nxd4 e5 9. Nb5 Nc6 10. Nxd6 Qc7 11. Nxc8 Raxc8 12. e3 Rfd8 13. Qe2 h5 14. Nc3 a6 15. Rfd1 h4 16. Rxd8+ Rxd8 17. Rd1 hxg3 18. hxg3 Bf8 19. Ne4 Nxe4 20. Bxe4 Rxd1+ 21. Qxd1 Ne7 22. c4 b5 23. Qd3 bxc4 24. bxc4 Bg7 25. Ba3 f5 26. Bd5+ Kh7 27. e4 Nxd5 28. Qxd5 f4 29. Bd6 Qb6 30. gxf4 Qb1+ 31. Kg2 exf4 32. c5 f3+ 33. Kxf3 Qh1+ 34. Ke2 1-0

[Event "Romanian Rapid Open 2022"]
[Site "Sebes"]
[Date "2022.12.02"]
[Round "8.7"]
[White "Baratosi, Daniel"]
[Black "Ciolacu, Alessia-Mihaela"]
[Result "1-0"]
[WhiteElo "2335"]
[BlackElo "2097"]
[Annotator "TA"]
[PlyCount "39"]
[EventDate "2022.12.02"]
[EventType "rapid"]
[EventCountry "ROU"]
[SourceTitle "playchess.com"]
[Source "ChessBase"]
[SourceQuality "1"]

1. e4 e5 2. Nf3 Nc6 3. Nc3 Nf6 4. a3 Bc5 5. Nxe5 Nxe5 6. d4 Bd6 7. dxe5 Bxe5 8. Nb5 a6 9. f4 axb5 10. fxe5 Nxe4 11. Qg4 d5 12. Qxg7 Rf8 13. Bh6 Qh4+ 14. g3 Nxg3 15. Qxf8+ Kd7 16. Bxb5+ c6 17. O-O-O Nxh1 18. Qxf7+ Kd8 19. Rxd5+ cxd5 20. Qf8+ 1-0

[Event "Romanian Rapid Open 2022"]
[Site "Sebes"]
[Date "2022.12.02"]
[Round "8.8"]
[White "Nevednichy, Vladislav"]
[Black "Nastase, Robert-Paul"]
[Result "1/2-1/2"]
[WhiteElo "2499"]
[BlackElo "2229"]
[Annotator "TA"]
[PlyCount "179"]
[EventDate "2022.12.02"]
[EventType "rapid"]
[EventCountry "ROU"]
[SourceTitle "playchess.com"]
[Source "ChessBase"]
[SourceQuality "1"]

1. e4 c6 2. d4 d5 3. e5 Bf5 4. h4 h5 5. c4 e6 6. Nc3 Nd7 7. Nge2 Ne7 8. Ng3 Bg6 9. cxd5 Nxd5 10. Nxd5 cxd5 11. Qb3 Qb6 12. Bb5 O-O-O 13. Bg5 f6 14. Bxd7+ Rxd7 15. Qxb6 axb6 16. Rc1+ Kb8 17. exf6 gxf6 18. Bxf6 Bg7 19. Bxg7 Rxg7 20. O-O Rc8 21. Rxc8+ Kxc8 22. Re1 Bf7 23. Re5 Rg4 24. Nxh5 Rxh4 25. Ng7 Kd7 26. Rg5 Ke7 27. g4 Kf6 28. f4 Rh3 29. Kg2 Rd3 30. Nh5+ Ke7 31. f5 exf5 32. Rxf5 Rxd4 33. Rf4 Rd2+ 34. Rf2 Rd3 35. Nf4 Re3 36. Re2 Rxe2+ 37. Nxe2 Kf6 38. Kf3 Ke5 39. Ke3 Be6 40. g5 Bf5 41. Nd4 Be4 42. a3 Bh1 43. g6 Kf6 44. Kf4 Kxg6 45. Ke5 Kg5 46. Nf5 Kg4 47. Nd6 d4 48. Kxd4 Kf4 49. Nc4 Kf5 50. Nxb6 Ke6 51. Kc5 Ke7 52. a4 Kd8 53. Kd6 Bg2 54. a5 Bf1 55. Nd5 Kc8 56. Kc5 Bg2 57. Nc3 Kb8 58. Kb6 Bf3 59. b4 Bg2 60. Nb5 Bf3 61. Nd4 Bg2 62. Kc5 Kc7 63. Ne6+ Kb8 64. b5 Bf1 65. b6 Kc8 66. Kd6 Bc4 67. Nd4 Bf1 68. Ke7 Bd3 69. Nb3 Kb8 70. Kd8 Bc4 71. Nc5 Bd5 72. Nd7+ Ka8 73. Kc7 Bg2 74. Nc5 Bf3 75. Ne6 Bd5 76. Nd4 Bc4 77. Nc6 Be2 78. Nd8 Bf3 79. Nf7 Bg2 80. Ne5 Be4 81. Nd7 Bg2 82. Nc5 Bf3 83. a6 bxa6 84. Nxa6 Bb7 85. Nb4 Ba6 86. Nc6 Bc8 87. Ne5 Ba6 88. Nd7 Bb7 89. Nb8 Ba6 90. Nxa6 1/2-1/2

[Event "Romanian Rapid Open 2022"]
[Site "Sebes"]
[Date "2022.12.02"]
[Round "8.9"]
[White "Craciun, Sasha-Matei"]
[Black "Filip, Lucian-Ioan"]
[Result "1/2-1/2"]
[WhiteElo "2001"]
[BlackElo "2370"]
[Annotator "TA"]
[PlyCount "104"]
[EventDate "2022.12.02"]
[EventType "rapid"]
[EventCountry "ROU"]
[SourceTitle "playchess.com"]
[Source "ChessBase"]
[SourceQuality "1"]

1. e4 c5 2. Nf3 e6 3. g3 Nc6 4. Bg2 Nf6 5. Nc3 d5 6. exd5 exd5 7. d4 cxd4 8. Nxd4 Bg4 9. Nce2 Bc5 10. Nb3 Bb6 11. O-O O-O 12. h3 Bh5 13. g4 Bg6 14. Nf4 Be4 15. Bxe4 dxe4 16. Qxd8 Rfxd8 17. Kg2 Ne5 18. Bd2 Nf3 19. Bc3 Nd5 20. Nxd5 Rxd5 21. a4 a6 22. a5 Ba7 23. Ra4 Re8 24. Rb4 Re7 25. Rc4 f6 26. Rc8+ Kf7 27. Ra8 Bd4 28. Nxd4 Nxd4 29. Rd1 Ne2 30. Rxd5 Nf4+ 31. Kg3 Nxd5 32. Bd4 e3 33. fxe3 Nxe3 34. Bxe3 Rxe3+ 35. Kf4 Re2 36. Rb8 g5+ 37. Kf3 Rxc2 38. Rxb7+ Kg6 39. b4 Rc3+ 40. Kg2 Rb3 41. Rb6 h6 42. Rxa6 Rxb4 43. Ra8 Ra4 44. a6 Ra3 45. a7 Kg7 46. Kf2 h5 47. gxh5 f5 48. h6+ Kh7 49. Kg2 Ra2+ 50. Kf3 Ra3+ 51. Kf2 Ra1 52. Ke3 Ra4 1/2-1/2

[Event "Romanian Rapid Open 2022"]
[Site "Sebes"]
[Date "2022.12.02"]
[Round "8.10"]
[White "Creanga, Robert-Ionut"]
[Black "Cosma, Ioan"]
[Result "1/2-1/2"]
[WhiteElo "2190"]
[BlackElo "2368"]
[Annotator "TA"]
[PlyCount "81"]
[EventDate "2022.12.02"]
[EventType "rapid"]
[EventCountry "ROU"]
[SourceTitle "playchess.com"]
[Source "ChessBase"]
[SourceQuality "1"]

1. d4 d5 2. c4 c6 3. Nc3 Nf6 4. e3 e6 5. Nf3 Nbd7 6. Be2 Bd6 7. O-O O-O 8. b3 Re8 9. Bb2 b6 10. Bd3 Bb7 11. e4 dxe4 12. Nxe4 Nxe4 13. Bxe4 Nf6 14. Bc2 c5 15. dxc5 Bxc5 16. Qe2 Qe7 17. Rad1 Rad8 18. h3 h6 19. Ne5 Rxd1 20. Rxd1 Rd8 21. Rxd8+ Qxd8 22. Ng4 Nxg4 23. Qxg4 Bf8 24. Qd4 Qxd4 25. Bxd4 f6 26. f3 Kf7 27. Kf2 e5 28. Be3 Ke6 29. g4 Bc5 30. h4 g5 31. hxg5 hxg5 32. Bxc5 bxc5 33. Be4 Ba6 34. Ke3 Kd6 35. Kd3 Bc8 36. a3 a5 37. Kc3 Kc7 38. b4 axb4+ 39. axb4 Kb6 40. Kb3 Bd7 41. Kc3 1/2-1/2

[Event "Romanian Rapid Open 2022"]
[Site "Sebes"]
[Date "2022.12.02"]
[Round "8.11"]
[White "Coicev, Matei-Andrei"]
[Black "Ciorgovean, Iustin"]
[Result "0-1"]
[WhiteElo "2009"]
[BlackElo "2319"]
[Annotator "TA"]
[PlyCount "82"]
[EventDate "2022.12.02"]
[EventType "rapid"]
[EventCountry "ROU"]
[SourceTitle "playchess.com"]
[Source "ChessBase"]
[SourceQuality "1"]

1. e4 c5 2. Be2 Nc6 3. f4 g6 4. Nf3 Bg7 5. d3 d6 6. O-O Nf6 7. Qe1 O-O 8. Qh4 e6 9. c3 Nd7 10. Qg3 f5 11. Nbd2 Nf6 12. Bd1 b5 13. exf5 gxf5 14. Ng5 h6 15. Bf3 Qc7 16. Nh3 Bb7 17. Re1 Rae8 18. Nf1 b4 19. Bd2 a5 20. Re2 Qd7 21. Rae1 Nd5 22. Rxe6 Rxe6 23. Bxd5 Nd8 24. Bxe6+ Nxe6 25. Qe3 Re8 26. Ng3 Nc7 27. Qf2 Bd5 28. Rxe8+ Nxe8 29. c4 Bc6 30. Be3 Nf6 31. Qe2 Ng4 32. Bf2 Nxf2 33. Nxf2 a4 34. Nd1 Bd4+ 35. Kf1 Qf7 36. Ne3 Bd7 37. Nd5 Kf8 38. b3 a3 39. Qh5 Qxh5 40. Nxh5 Ba4 41. bxa4 b3 0-1

[Event "Romanian Rapid Open 2022"]
[Site "Sebes"]
[Date "2022.12.02"]
[Round "8.12"]
[White "Nastore, Pavel-Alexandru"]
[Black "Dan, Cantemir-Dorian"]
[Result "1-0"]
[WhiteElo "2218"]
[BlackElo "2036"]
[Annotator "TA"]
[PlyCount "99"]
[EventDate "2022.12.02"]
[EventType "rapid"]
[EventCountry "ROU"]
[SourceTitle "playchess.com"]
[Source "ChessBase"]
[SourceQuality "1"]

1. d4 e6 2. Nf3 f5 3. g3 b6 4. Bg2 Bb7 5. O-O Nf6 6. c4 Be7 7. Nc3 Ne4 8. Qc2 Nxc3 9. Qxc3 Bf6 10. Qc2 Be4 11. Qd1 O-O 12. Be3 Qe8 13. Qd2 Qh5 14. Ne5 Bxg2 15. Kxg2 d6 16. Nd3 Nd7 17. Nf4 Qf7 18. d5 e5 19. Ne6 Rfc8 20. f3 Nf8 21. Nxf8 Rxf8 22. Qc2 g6 23. Bf2 Qg7 24. e4 Bg5 25. Qe2 h5 26. b4 a5 27. a3 Qh6 28. c5 bxc5 29. bxc5 Rfb8 30. Rab1 Qf8 31. c6 a4 32. Rb7 Bd8 33. Rfb1 Rc8 34. R1b4 g5 35. exf5 Qxf5 36. Qe4 Qxe4 37. fxe4 g4 38. Be3 Kf7 39. h3 Kg6 40. Rb2 Bg5 41. Bxg5 Kxg5 42. Rf2 gxh3+ 43. Kxh3 Ra5 44. Rf7 Rc5 45. Rfxc7 Rf8 46. Rf7 Rc8 47. Rbd7 Rc4 48. Rf5+ Kg6 49. Rxd6+ Kg7 50. Rxe5 1-0

[Event "Romanian Rapid Open 2022"]
[Site "Sebes"]
[Date "2022.12.02"]
[Round "8.13"]
[White "Bulmaga, Irina"]
[Black "Anghel, Iulian-Mihai"]
[Result "1-0"]
[WhiteElo "2426"]
[BlackElo "2061"]
[Annotator "TA"]
[PlyCount "85"]
[EventDate "2022.12.02"]
[EventType "rapid"]
[EventCountry "ROU"]
[SourceTitle "playchess.com"]
[Source "ChessBase"]
[SourceQuality "1"]

1. e4 e6 2. d4 d5 3. Nc3 Bb4 4. e5 c5 5. a3 Bxc3+ 6. bxc3 Ne7 7. h4 Qc7 8. h5 h6 9. Nf3 b6 10. Bb5+ Bd7 11. Bd3 c4 12. Be2 Ba4 13. Rh4 Nbc6 14. Rg4 Nf5 15. Rf4 Rf8 16. g4 Nfe7 17. Bf1 O-O-O 18. Qe2 Rde8 19. Bh3 Nd8 20. g5 hxg5 21. Nxg5 Kb7 22. Kf1 Bd7 23. Qf3 Nf5 24. Bxf5 exf5 25. h6 gxh6 26. Nh7 Rh8 27. Nf6 Re6 28. Nxd5 Qc6 29. Nf6 Qxf3 30. Rxf3 h5 31. Bf4 Ba4 32. d5 Re7 33. Rc1 h4 34. Kg1 Rc7 35. Kh2 Rc5 36. Re3 Ra5 37. Re2 Bb5 38. e6 fxe6 39. dxe6 Be8 40. Rd1 Nc6 41. e7 Rxa3 42. Rd8 Ka6 43. Rxe8 1-0

[Event "Romanian Rapid Open 2022"]
[Site "Sebes"]
[Date "2022.12.02"]
[Round "8.14"]
[White "Dragomirescu, Angela"]
[Black "Anton, Teodor"]
[Result "0-1"]
[WhiteElo "2104"]
[BlackElo "2438"]
[Annotator "TA"]
[PlyCount "74"]
[EventDate "2022.12.02"]
[EventType "rapid"]
[EventCountry "ROU"]
[SourceTitle "playchess.com"]
[Source "ChessBase"]
[SourceQuality "1"]

1. Nf3 c5 2. g3 b6 3. Bg2 Bb7 4. O-O Nf6 5. d3 g6 6. e4 Bg7 7. c3 O-O 8. Re1 d6 9. Nbd2 Nc6 10. a3 a5 11. a4 d5 12. Qc2 e5 13. exd5 Nxd5 14. Nc4 Re8 15. Bg5 f6 16. Bd2 Qc7 17. Rad1 Rad8 18. Bc1 Bc8 19. h3 Bf5 20. Kh2 Kh8 21. Nh4 Be6 22. Nf3 Bg8 23. Na3 f5 24. Bg5 Rd7 25. Qc1 f4 26. Nb5 Qb8 27. gxf4 Rf8 28. Kg1 exf4 29. h4 h6 30. Bh3 Rb7 31. Be6 hxg5 32. hxg5 Bxe6 33. Rxe6 Qc8 34. Rde1 Ne3 35. fxe3 Qxe6 36. e4 Qg4+ 37. Kf2 Qg3+ 0-1

[Event "Romanian Rapid Open 2022"]
[Site "Sebes"]
[Date "2022.12.02"]
[Round "8.15"]
[White "Ghimpu, Samuel-Timotei"]
[Black "Vrencian, Lehel"]
[Result "1-0"]
[WhiteElo "2455"]
[BlackElo "2226"]
[Annotator "TA"]
[PlyCount "57"]
[EventDate "2022.12.02"]
[EventType "rapid"]
[EventCountry "ROU"]
[SourceTitle "playchess.com"]
[Source "ChessBase"]
[SourceQuality "1"]

1. Nc3 d5 2. d4 Nf6 3. Bf4 c5 4. e3 cxd4 5. exd4 a6 6. Nf3 Nc6 7. Ne5 Qb6 8. Na4 Qd8 9. Nxc6 bxc6 10. Bd3 Bg4 11. Qd2 e6 12. O-O Bd6 13. Rfe1 O-O 14. Nc5 a5 15. c3 Rb8 16. Bxd6 Qxd6 17. b4 axb4 18. cxb4 Bh5 19. f3 Rfe8 20. Qc3 Bg6 21. Bf1 Re7 22. a4 Nd7 23. a5 e5 24. a6 exd4 25. Qxd4 Rxe1 26. Rxe1 Nxc5 27. Qxc5 Qd8 28. Qxc6 Ra8 29. b5 1-0

[Event "Romanian Rapid Open 2022"]
[Site "Sebes"]
[Date "2022.12.02"]
[Round "8.16"]
[White "Talu, Mircea"]
[Black "Oltean, Cristian-Daniel"]
[Result "1/2-1/2"]
[WhiteElo "2327"]
[BlackElo "1896"]
[Annotator "TA"]
[PlyCount "160"]
[EventDate "2022.12.02"]
[EventType "rapid"]
[EventCountry "ROU"]
[SourceTitle "playchess.com"]
[Source "ChessBase"]
[SourceQuality "1"]

1. Nf3 c5 2. b3 Nf6 3. e3 d5 4. Bb2 e6 5. c4 Nc6 6. cxd5 exd5 7. Bb5 Bd6 8. O-O O-O 9. h3 a6 10. Bxc6 bxc6 11. Nc3 Ne4 12. Rc1 f5 13. Qe2 g5 14. Nxe4 fxe4 15. Nh2 Qe8 16. f3 Bf5 17. fxe4 Qxe4 18. Qh5 Be7 19. Nf3 g4 20. Ng5 Bxg5 21. Qxg5+ Bg6 22. h4 Rf5 23. Qh6 d4 24. Rxf5 Qxf5 25. Rf1 Qe5 26. Qf4 Qxf4 27. Rxf4 dxe3 28. dxe3 Re8 29. Rxg4 Re4 30. Rg5 Rxh4 31. Rxc5 Be4 32. Rg5+ Bg6 33. Bd4 Re4 34. Ra5 Rg4 35. Kf2 Be4 36. g3 Bd3 37. Kf3 Rg6 38. e4 Re6 39. Be5 Bb5 40. Kf4 Kf7 41. a4 Bd3 42. Rc5 Be2 43. a5 Kg6 44. Rc2 Bd3 45. Rd2 Bb5 46. b4 Re7 47. Rd6+ Kf7 48. Kf5 Re8 49. Bf6 Kg8 50. g4 Rc8 51. Bd4 Rf8+ 52. Bf6 Rc8 53. Bd4 Rf8+ 54. Kg5 Re8 55. e5 Kf7 56. Rd7+ Re7 57. Rd6 Re6 58. Rd8 Re8 59. Rd7+ Re7 60. Rd8 Re8 61. Rxe8 Kxe8 62. Kf6 Be2 63. g5 Bd3 64. Bc5 Bb5 65. e6 Bc4 66. Kg7 Bd3 67. Bd6 Bf5 68. Bc5 Be4 69. Kf6 Bd3 70. Ke5 Bc4 71. Kd6 Bb5 72. Bd4 Ba4 73. Bg7 Kd8 74. Ke5 Ke7 75. Bf6+ Ke8 76. Kd6 Bb5 77. Bd4 Bc4 78. Kxc6 Bxe6 79. Kc5 Bd7 80. Be3 Bb5 1/2-1/2

[Event "Romanian Rapid Open 2022"]
[Site "Sebes"]
[Date "2022.12.02"]
[Round "8.17"]
[White "Cosma, Elena-Luminita"]
[Black "Dragomirescu, Calin"]
[Result "1-0"]
[WhiteElo "2244"]
[BlackElo "1971"]
[Annotator "TA"]
[PlyCount "127"]
[EventDate "2022.12.02"]
[EventType "rapid"]
[EventCountry "ROU"]
[SourceTitle "playchess.com"]
[Source "ChessBase"]
[SourceQuality "1"]

1. d4 g6 2. e4 Bg7 3. Nc3 d6 4. Be3 a6 5. a4 Nf6 6. h3 O-O 7. Nf3 d5 8. exd5 Nxd5 9. Nxd5 Qxd5 10. Be2 c5 11. c3 cxd4 12. Nxd4 e5 13. Nf3 Qxd1+ 14. Rxd1 Nc6 15. Bc5 Re8 16. Bc4 h6 17. O-O Bf5 18. Rd2 Rac8 19. b4 e4 20. Nd4 Nxd4 21. cxd4 b6 22. Bxa6 bxc5 23. Bxc8 Rxc8 24. bxc5 Bd7 25. a5 Bb5 26. Rb1 Bd3 27. Rb4 Rd8 28. c6 Rc8 29. a6 Bxa6 30. Rc2 Bd3 31. Rc1 Bf8 32. Rb7 Kg7 33. c7 Bd6 34. Rc6 Bf4 35. g3 Bd2 36. Rb8 Rxc7 37. Rxc7 e3 38. fxe3 Bxe3+ 39. Kh2 Bxd4 40. Rd7 Be5 41. Re8 Bb5 42. Rxf7+ Kxf7 43. Rxe5 Bd3 44. Rd5 Be4 45. Rd4 Bf5 46. g4 Be6 47. Kg3 g5 48. Rd6 Ke7 49. Ra6 Kf7 50. Kf2 h5 51. gxh5 Bxh3 52. Rg6 Bf5 53. Rxg5 Kf6 54. Rg1 Be6 55. h6 Bf5 56. Rg7 Bb1 57. Ke3 Bc2 58. Kd4 Bb1 59. Kc5 Bc2 60. Kd6 Bf5 61. Kc7 Bc2 62. Kd7 Ba4+ 63. Kd8 Bb5 64. Rg3 1-0

[Event "Romanian Rapid Open 2022"]
[Site "Sebes"]
[Date "2022.12.02"]
[Round "8.18"]
[White "Stefan, Iulia-Cristiana"]
[Black "Cnejev, Vladimir-Alexandru"]
[Result "0-1"]
[WhiteElo "1662"]
[BlackElo "2293"]
[Annotator "TA"]
[PlyCount "72"]
[EventDate "2022.12.02"]
[EventType "rapid"]
[EventCountry "ROU"]
[SourceTitle "playchess.com"]
[Source "ChessBase"]
[SourceQuality "1"]

1. e4 e5 2. Nf3 Nc6 3. Bb5 a6 4. Ba4 b5 5. Bb3 Bb7 6. d3 Be7 7. O-O Nf6 8. Re1 O-O 9. Nbd2 d6 10. c3 h6 11. Nf1 Re8 12. Ng3 Bf8 13. h3 Na5 14. Bc2 c5 15. Nh2 d5 16. Qf3 c4 17. Ng4 Nxg4 18. Qxg4 g6 19. exd5 Qxd5 20. Ne4 Qc6 21. Qf3 f5 22. Nd2 Qxf3 23. Nxf3 cxd3 24. Bb3+ Nxb3 25. axb3 Bg7 26. Be3 Rad8 27. Red1 f4 28. Bc5 Kf7 29. b4 g5 30. Kf1 Bf6 31. Nd2 e4 32. Re1 Re6 33. Rad1 Bd5 34. Ra1 Rde8 35. b3 Bxc3 36. Red1 Bxa1 0-1

[Event "Romanian Rapid Open 2022"]
[Site "Sebes"]
[Date "2022.12.02"]
[Round "8.19"]
[White "Daianu, Cristian-Clement"]
[Black "Balaban-Voia, Alexandru"]
[Result "1-0"]
[WhiteElo "2189"]
[BlackElo "1994"]
[Annotator "TA"]
[PlyCount "77"]
[EventDate "2022.12.02"]
[EventType "rapid"]
[EventCountry "ROU"]
[SourceTitle "playchess.com"]
[Source "ChessBase"]
[SourceQuality "1"]

1. e4 g6 2. d4 Bg7 3. Nc3 d6 4. Be2 Nd7 5. h4 h6 6. h5 g5 7. f4 gxf4 8. Bxf4 c5 9. Nf3 cxd4 10. Nxd4 Nc5 11. Be3 Nf6 12. Bf3 e6 13. Qe2 a6 14. O-O-O Qa5 15. Kb1 Bf8 16. e5 dxe5 17. Nb3 Nxb3 18. axb3 Bd7 19. Qf2 Qc7 20. Bb6 Qc8 21. Rhe1 Bg7 22. Rxe5 Ng4 23. Bxg4 Bxe5 24. Ne4 O-O 25. Nf6+ Bxf6 26. Qxf6 Qc6 27. Rd6 Qxd6 28. Bd4 Qxd4 29. Qxd4 Bc6 30. Qf6 Kh7 31. Be2 Be4 32. Qe5 f5 33. g4 Rg8 34. Qxe6 Rac8 35. gxf5 Bxc2+ 36. Ka2 Rc7 37. Bc4 Rgg7 38. f6 Rgd7 39. Qg8# 1-0

[Event "Romanian Rapid Open 2022"]
[Site "Sebes"]
[Date "2022.12.02"]
[Round "8.20"]
[White "Sfarlog, Tudor-Vlad"]
[Black "Saioc, David"]
[Result "0-1"]
[WhiteElo "2283"]
[BlackElo "2026"]
[Annotator "TA"]
[PlyCount "50"]
[EventDate "2022.12.02"]
[EventType "rapid"]
[EventCountry "ROU"]
[SourceTitle "playchess.com"]
[Source "ChessBase"]
[SourceQuality "1"]

1. c4 b6 2. Nc3 Bb7 3. e4 d6 4. d4 Nf6 5. Bd3 g6 6. f4 Bg7 7. Nf3 O-O 8. O-O Nbd7 9. Qe2 e5 10. fxe5 dxe5 11. d5 Nh5 12. g3 Bc8 13. b4 a5 14. Ba3 axb4 15. Bxb4 Re8 16. a4 Bf8 17. Bxf8 Rxf8 18. Nb5 Ba6 19. Nd2 Qe7 20. Qe3 Bxb5 21. axb5 Nc5 22. Bc2 Nf6 23. Kg2 Ng4 24. Qc3 Qg5 25. Nf3 Qe3 0-1